banner-ar

المسرح والصور المرئية(الجزء الثانى) / (Record no. 7794)

MARC details
000 -الفاتح
حقل البيانات ثابتة الطول 00803nam a2200217Ia 4500
008 - عناصر البيانات ثابتة الطول - معلومات عامة
حقل البيانات ثابتة الطول 140319s9999 xx 000 0 ara d
020 ## - الرقم الدولى المعيارى للكتب
الرقم الدولى المعيارى للكتاب 6847305977
040 ## - مصدر الفهرسة
وكالة الفهرسة الأصلية GCL /
وكالة النسخ GCL
082 04 - رقم تصنيف ديوى العشرى
رقم التصنيف 792.024
رقم المادة ف م
100 1# - المدخل الرئيسى - إسم شخصى
الإسم الشخصى سهير الجمل (ترجمة)
245 10 - بيان العنوان
العنوان المسرح والصور المرئية(الجزء الثانى) /
بيان المسئوليه,etc سهير الجمل (ترجمة)
700 1# - المدخل الاضافى - اسم شخصى
الإسم الشخصى فالان، بياتريس بيكون
300 ## - الوصف المادى
التعداد 371 ص ؛
أبعاد الوعاء 24 سم
650 04 - المدخل الاضافى بالموضوع-مصطلح موضوعى
مصطلح موضوعي الاخراج المسرحى
650 04 - المدخل الاضافى بالموضوع-مصطلح موضوعى
مصطلح موضوعي الفنون المسرحية
650 04 - المدخل الاضافى بالموضوع-مصطلح موضوعى
مصطلح موضوعي المسارح - اضاءة
650 04 - المدخل الاضافى بالموضوع-مصطلح موضوعى
مصطلح موضوعي المسرح - تجهيز
942 ## - عناصر المدخل الإضافي( كوها)
مصدر التصنيف او مخطط الترفيف Dewey Decimal Classification
Koha [default] item type كتاب
260 ## - PUBLICATION, DISTRIBUTION, ETC. (IMPRINT)
-- القاهرة :
-- وزارة الثقافة - مهرجان القاهرة الدولى للمسرح التجريبى
Holdings
حالة التراجع حالة الفقد حالة تلف ليس للاعارة المكان المؤقت الموقع الحالى تاريخ الاكتساب اجمالي اﻻعارات رقم الطلب الباركود تاريخ اخر مشاهدة تاريخ تفعيل السعر نوع وعاء كوها
        مكتبة القاهرة الكبرى مكتبة القاهرة الكبرى 03/26/2014   792.024\ف م 16024 03/26/2014 03/26/2014 كتاب

Powered By

EGPV